000 00371 a2200109 4500
001 ART_2433
005 20260410161726.0
008 260409a
245 1 0 _aAdministración y control de inventarios en una cadena de negocios minoristas
100 1 _aRaimondi, Carlos A.
773 0 _tAdministración de empresas
_g- Año 7, Nº 73 (abr. 1976)
_wREV2036
999 _c17390
_d17390